00433 2200169 4500001002100000008004100021035002000062245005000082100002300132250000600155260004200161300001200203084001400215082000800229650001400237990001200251INLIS000000000000590 ind  a0010-0424000566 aOlimpiade Sains AstronomicProf. Dr. Suhardja aProf. Dr. Suhardja a1 aJakarta :bBina Prestasi Insanic2015 a165 hlm a520 SUH o a520 aNon Fiksi a0722392